| 000 | 00498nam a22001577a 4500 | ||
|---|---|---|---|
| 005 | 20250604115745.0 | ||
| 010 | _aENG-145170 | ||
| 020 |
_c100.00 _a818177003x |
||
| 035 | _aEN-128702 | ||
| 037 | _bDBAD | ||
| 082 | _a580 | ||
| 245 |
_aRed List of Threatened Vascular Plant Species in India/ _cMinistry of Environment & Forests |
||
| 260 |
_aNew Delhi _bMinistry of Environment & Forests Government of india _c1994 |
||
| 300 |
_a144p. _c22cm.(pb) |
||
| 942 |
_2ddc _cEN _h580 _mRED |
||
| 999 |
_c211563 _d211563 |
||